| 000 | 01354nam a2200229Ia 4500 | ||
|---|---|---|---|
| 999 |
_c55750 _d55750 |
||
| 001 | 22845 | ||
| 003 | GE_BSU | ||
| 005 | 20230525120638.0 | ||
| 008 | 181216s ||||ge |||||||||||||| ||geo|| | ||
| 020 | _a978-9941-9115-2-1 | ||
| 040 | _cGE_BSU | ||
| 041 | _ageo | ||
| 080 | _a821.112.2(436)-1 მ-46 | ||
| 245 |
_aმე-20 საუკუნის ავსტრიული ლირიკა = Osterreichische Lyrik des 20. Jahrhunderts : _bმასალები ტ. 7 ალმა იოჰანა კიონიგი, პაულა ფონ პრერადოვიჩი, ერიკა მიტერერი / _cიდეის ავტ. და ხელმძღვ. დათო ბარბაქაძე ; მრჩეველთა კოლ. : ბ. ადეიშვილი, მ. გრუბერი და სხვა. |
||
| 264 |
_aთბილისი : _bპოლილოგი, _c2010. |
||
| 300 |
_a362 გვ. ; _c 20 სმ. |
||
| 500 | _aდანართი : გვ. 323-347 | ||
| 541 | _h7 ლ. | ||
| 653 | _aმე-20 საუკუნის ავსტრიული ლირიკა | ||
| 653 | _aტ. 7 ალმა იოჰანა კიონიგი, პაულა ფონ პრერადოვიჩი, ერიკა მიტერერი | ||
| 942 |
_cBK _2udc |
||